000 01848nam a2200241Ia 4500
008 260220t1974||||xx |||||||||||||| ||spa||
040 _aPY-SlUNAC
_bspa
_erda
041 _aspa
082 _a631.85
_bF791f
100 _aFox, Richard
_eAutor
245 0 _aFertilización con nitrógeno en los trópicos húmedos /
_cpor Richard Fox [Autor]
264 _aCiudad de México :
_bCentro Regional de Ayuda Técnica,
_c℗1974.
300 _a1 volumen
520 _aEl libro "Fertilización con nitrógeno en los trópicos húmedos" de Richard Fox, publicado en 1974, aborda la importancia de la fertilización nitrogenada en la agricultura de regiones tropicales con alta pluviosidad. Fox analiza los diferentes métodos de aplicación de nitrógeno y su impacto en el rendimiento de cultivos en suelos tropicales, caracterizados por su baja fertilidad natural. A través de estudios de caso y datos experimentales, el autor destaca la necesidad de un manejo adecuado del nitrógeno para maximizar la producción agrícola y mejorar la sostenibilidad de los sistemas de cultivo. También se discuten las interacciones entre la fertilización nitrogenada, la microbiología del suelo y las prácticas agrícolas, enfatizando la relevancia de adaptar las estrategias de fertilización a las condiciones climáticas y edáficas específicas de los trópicos. El libro se convierte en una referencia clave para investigadores, agrónomos y agricultores interesados en optimizar el uso de nitrógeno en sus prácticas agrícolas, contribuyendo a la seguridad alimentaria en estas regiones.
653 _aAgricultura tropical
653 _aFertilización
653 _aNitrógeno
942 _b2026/02/17
_cBK
999 _c8632
_d8632